000 00549nam a2200193Ia 4500
005 20250508150832.0
008 008 250505s9999 xx 000 0 eng d
037 _aTextBook
040 _aFEDL
_beng
_cFEDL
041 _aeng
_2eng
084 _a001.434, RUS
_qFEDL
100 _aRusk Robert R
245 0 _aExperimental education
260 _aLondon, UK
_bLongmans, Green and Co.
_c1919
300 _aviii,346p
650 _aExperimental Research-Education
_9757776
942 _cTB
_h001.434, RUS
999 _c1325965
_d1325965